Najwyższe szczyty Tatr - Statystyki

Ogólne statystyki
  • Ten quiz został rozwiązany 378 razy
    86 od ostatniego zresetowania
  • Średni wynik to 7 z 17
Statystyki odpowiedzi
Wysokość Szczyt % Poprawnych
2503 Rysy
98%
2655 Gerlach
92%
2632 Łomnica
79%
2494 Krywań
69%
2627 Lodowy Szczyt
65%
2560 Wysoka
53%
2623 Durny Szczyt
44%
2526 Baranie Rogi
37%
2558 Kieżmarski Szczyt
37%
2630 Zadni Gerlach
34%
2535 Kończysta
24%
2611 Lodowa Kopa
21%
2601 Mały Gerlach
19%
2592 Mały Durny Szczyt
16%
2513 Mały Kieżmarski Szczyt
16%
2523 Smoczy Szczyt
8%
2520 Ciężki Szczyt
5%
Nie znaleziono quizów pasujących do podanych kryteriów
Rozkład punktacji
Procent ludzi z każdym wynikiem
Percentyl według liczby udzielonych odpowiedzi
Twoja historia wyników
Nie rozwiązałeś tego quizu od ostatniego zresetowania